| 000 | 00546cam a2200193Ia 4500 | ||
|---|---|---|---|
| 020 | _a0590762524 | ||
| 040 | _cJDP | ||
| 082 | _a813 SCH 1998 A094 Or. | ||
| 100 | 1 | _aStine, R. L. | |
| 245 | 1 | 0 |
_aThree shocking tales of terror : _bbook 2 / |
| 246 | 3 | _a3 shocking tales of terror : book two | |
| 260 |
_aNew York : _bScholastic Inc., _cc1998. |
||
| 300 |
_aviii, 159 p. : _bill. ; _c20 cm. |
||
| 490 | 1 | _aGoosebumps | |
| 500 | _a"Apple paperback." | ||
| 500 | _a"Parachute Press book"--T.p. verso. | ||
| 650 | 0 | _aHorror tales. | |
| 942 | _cEK | ||
| 999 |
_c12708 _d12708 |
||